[Event "Det åpne NM 2011 Gruppe A"]
[Site "Quality Hotel & Resort Fagerne"]
[Date "2011.04.17"]
[Round "1"]
[White "Hansen, Victor"]
[Black "Kjøita, Torgeir"]
[Result "1-0"]
[WhiteElo "2125"]
[BlackElo "1796"]
[PlyCount "77"]
[EventDate "2011.??.??"]

1. d4 Nf6 2. c4 c5 3. d5 e6 4. Nc3 exd5 5. cxd5 d6 6. g3 g6 7. Bg2 Bg7 8. Nf3
O-O 9. O-O Na6 10. Nd2 Nc7 11. a4 Rb8 12. Nc4 Nh5 13. Ne4 Ne8 14. Bg5 f6 15.
Be3 f5 16. Bg5 Qc7 17. Nc3 Bd7 18. Nb5 Bxb5 19. axb5 Qd7 20. Qa4 b6 21. Qxa7
Nc7 22. Nxb6 Qxb5 23. Qxc7 Qxb6 24. Ra7 Rfc8 25. Qd7 Qb5 26. Qe6+ Kh8 27. Bf3
Qxb2 28. Qxd6 c4 29. Qd7 Qe5 30. Bxh5 gxh5 31. Bf4 Qf6 32. Bxb8 Rxb8 33. Rc7 c3
34. d6 h4 35. Rc8+ Rxc8 36. Qxc8+ Bf8 37. d7 hxg3 38. hxg3 f4 39. d8=Q 1-0

[Event "Det åpne NM 2011 Gruppe A"]
[Site "Quality Hotel & Resort Fagerne"]
[Date "2011.04.17"]
[Round "2"]
[White "Welling, Gerard"]
[Black "Tiviakov, Sergei"]
[Result "0-1"]
[WhiteElo "2321"]
[BlackElo "2624"]
[PlyCount "52"]
[EventDate "2011.??.??"]

1. d4 Nf6 2. Nf3 e6 3. c3 d5 4. Bg5 c5 5. e3 Qb6 6. Qb3 Nbd7 7. Nbd2 Bd6 8. Be2
O-O 9. Qxb6 Nxb6 10. O-O Bd7 11. dxc5 Bxc5 12. Ne5 Ba4 13. Bf4 Rfd8 14. b3 Be8
15. a4 Rac8 16. Rfd1 a5 17. Bf3 Kf8 18. g4 Ng8 19. Nd3 Be7 20. Rdc1 f6 21. Bg3
e5 22. Bg2 Nh6 23. h3 Rd7 24. b4 Rdc7 25. bxa5 Nxa4 26. Kf1 Bb5 0-1

[Event "Det åpne NM 2011 Gruppe A"]
[Site "Quality Hotel & Resort Fagerne"]
[Date "2011.04.17"]
[Round "2"]
[White "Jones, Gawain C B"]
[Black "Kovachev, Daniel Jakobsen"]
[Result "0-1"]
[WhiteElo "2578"]
[BlackElo "2307"]
[PlyCount "83"]
[EventDate "2011.??.??"]

1. e4 e5 2. Nf3 Nc6 3. d4 exd4 4. Nxd4 Nf6 5. Nxc6 bxc6 6. e5 Qe7 7. Qe2 Nd5 8.
c4 Ba6 9. b3 g6 10. f4 d6 11. Qb2 Nb6 12. Nd2 Bg7 13. Nf3 O-O 14. Bd2 f6 15.
Qa3 fxe5 16. O-O-O e4 17. Qxa6 exf3 18. gxf3 Qf6 19. Qa3 Bh6 20. Bd3 Bxf4 21.
Bxf4 Qxf4+ 22. Kb1 a5 23. Be4 a4 24. Bxc6 axb3 25. Qxb3 Rab8 26. c5+ Nc4 27.
Bb7 Kg7 28. Rhe1 Na5 29. Qb2+ Kh6 30. c6 Nxc6 31. Re4 Qxf3 32. Qd2+ Kg7 33.
Qb2+ Qf6 34. Re2 Rxb7 35. Qxb7 Rb8 36. Qxb8 Nxb8 37. Rc2 c5 38. Rcd2 Qf5+ 39.
Kb2 Qe5+ 40. Kb3 Nc6 41. Kc4 Nd4 42. a4 0-1

[Event "Det åpne NM 2011 Gruppe A"]
[Site "Quality Hotel & Resort Fagerne"]
[Date "2011.04.17"]
[Round "2"]
[White "Johansen, Stian"]
[Black "Solodovnichenko, Yuri"]
[Result "0-1"]
[WhiteElo "1938"]
[BlackElo "2577"]
[PlyCount "136"]
[EventDate "2011.??.??"]

1. d4 d6 2. c4 e5 3. dxe5 dxe5 4. Qxd8+ Kxd8 5. Nc3 Be6 6. b3 Nd7 7. Bb2 c6 8.
O-O-O Kc7 9. Nf3 f6 10. e3 a5 11. Be2 Ne7 12. h3 Nc8 13. g4 Nc5 14. g5 Nd6 15.
gxf6 gxf6 16. Nd2 Bf5 17. Nf1 a4 18. b4 a3 19. bxc5 axb2+ 20. Kxb2 Ne4 21. Nxe4
Bxe4 22. Rg1 Bxc5 23. Rg7+ Kb6 24. Nd2 Ba3+ 25. Kb3 Bg6 26. c5+ Bxc5 27. Nc4+
Ka7 28. Rdd7 Rab8 29. Na5 Ka8 30. Rxb7 Rxb7+ 31. Rxb7 Be4 32. Ba6 Rd8 33. Rg7
Bf8 34. Rc7 Rb8+ 35. Kc4 Bd5+ 36. Kd3 e4+ 37. Kc2 Ba3 38. Bb7+ Ka7 39. Bxc6+
Kb6 40. Bxd5 Kxc7 41. Nc4 Bc5 42. Bxe4 h6 43. Kc3 Rg8 44. a4 Rg1 45. Nd2 Rc1+
46. Kb2 Re1 47. Bd3 Rh1 48. Bf5 Rh2 49. Kc3 Rxf2 50. e4 Kc6 51. Nb3 Ra2 52. a5
Bf2 53. Be6 Kd6 54. Bf5 Be1+ 55. Kd3 Bxa5 56. Nd4 Bb6 57. Nb5+ Kc5 58. Nc3 Ra3
59. Kc2 Bc7 60. Nd5 Be5 61. Kd2 Bd4 62. Ke2 Kd6 63. Nf4 Re3+ 64. Kd2 Rf3 65.
Nd3 h5 66. Kc2 Re3 67. Kd2 Rg3 68. Nf4 Be3+ 0-1

[Event "Det åpne NM 2011 Gruppe A"]
[Site "Quality Hotel & Resort Fagerne"]
[Date "2011.04.17"]
[Round "2"]
[White "Ofstad, Per"]
[Black "Richter, Michael"]
[Result "0-1"]
[WhiteElo "2194"]
[BlackElo "2486"]
[PlyCount "130"]
[EventDate "2011.??.??"]

1. e4 e6 2. d4 d5 3. Nd2 a6 4. Bd3 c5 5. c3 Nc6 6. dxc5 Bxc5 7. Ngf3 Nge7 8.
O-O O-O 9. Qe2 Ng6 10. Nb3 Bd6 11. Be3 Qc7 12. exd5 exd5 13. h3 Nf4 14. Bxf4
Bxf4 15. Rad1 g6 16. Bc2 Be6 17. Rfe1 Rae8 18. Qf1 Bh6 19. Nbd4 Kh8 20. Ba4 b5
21. Nxc6 bxa4 22. Ncd4 Qb6 23. Qd3 Bc8 24. b4 axb3 25. axb3 Bb7 26. Ne5 Qc7 27.
Qg3 Rc8 28. Rd3 Bg7 29. Nef3 Qxg3 30. fxg3 Rfe8 31. Rxe8+ Rxe8 32. g4 Bf6 33.
Kf2 Kg7 34. b4 a5 35. bxa5 Ra8 36. Nb3 Ba6 37. Re3 Bc4 38. Nfd4 Rb8 39. Nd2 Rb2
40. N4f3 Ra2 41. Kg3 Bb5 42. Nb3 Bd8 43. Nfd4 Bf1 44. Re1 Bc7+ 45. Kf3 Bxg2+
46. Ke3 Bxh3 47. Rg1 g5 48. Nc6 Ra3 49. Ncd4 Kg6 50. Kd3 Bxa5 51. Nxa5 Rxa5 52.
Nc6 Ra4 53. Ne7+ Kg7 54. Nf5+ Kf6 55. Ne3 h5 56. gxh5 Bf5+ 57. Nxf5 Kxf5 58.
Rf1+ Rf4 59. Rxf4+ gxf4 60. Ke2 Kg5 61. Kf3 f5 62. h6 Kxh6 63. Kxf4 Kg6 64. Ke5
Kg5 65. Kxd5 f4 0-1

[Event "Det åpne NM 2011 Gruppe A"]
[Site "Quality Hotel & Resort Fagerne"]
[Date "2011.04.17"]
[Round "2"]
[White "Karlsson, Lars"]
[Black "Flermoen, Peter"]
[Result "1-0"]
[WhiteElo "2475"]
[BlackElo "2155"]
[PlyCount "117"]
[EventDate "2011.??.??"]

1. b3 d5 2. Bb2 Nf6 3. f4 g6 4. Nf3 Bg7 5. e3 O-O 6. Be2 c5 7. O-O Nc6 8. Bb5
Qc7 9. Bxc6 Qxc6 10. Qe2 Rd8 11. d3 e6 12. Nbd2 b5 13. a4 a6 14. Ne5 Qb7 15.
axb5 axb5 16. Rxa8 Qxa8 17. Ra1 Qb7 18. b4 cxb4 19. Bd4 Qc7 20. Nb3 Bb7 21. Nc5
Ra8 22. Qe1 Rxa1 23. Qxa1 Ne8 24. Ned7 Bxd4 25. Qxd4 Bc8 26. Ne5 f6 27. Nf3 Qa5
28. Nb3 Qc7 29. Qxb4 Bd7 30. Qe7 Qd6 31. Qxd6 Nxd6 32. Nc5 Bc8 33. Nd4 Kf7 34.
Nc6 Ke8 35. Kf2 Bd7 36. Nb4 Ke7 37. g4 h5 38. gxh5 gxh5 39. e4 dxe4 40. dxe4
Nc4 41. Nxd7 Kxd7 42. Kg3 e5 43. Nd5 Nd2 44. Nxf6+ Ke6 45. Nxh5 Nxe4+ 46. Kg4
Nd6 47. Ng3 Nc4 48. f5+ Kf7 49. c3 Ne3+ 50. Kg5 Nd5 51. Ne4 b4 52. cxb4 Nxb4
53. h4 Nd5 54. h5 Nf4 55. Nd6+ Kg8 56. f6 Ne6+ 57. Kf5 Nf4 58. f7+ Kf8 59. h6
1-0

[Event "Det åpne NM 2011 Gruppe A"]
[Site "Quality Hotel & Resort Fagerne"]
[Date "2011.04.17"]
[Round "2"]
[White "Urkedal, Frode O"]
[Black "Thingstad, Even"]
[Result "1/2-1/2"]
[WhiteElo "2447"]
[BlackElo "2155"]
[PlyCount "134"]
[EventDate "2011.??.??"]

1. d4 Nf6 2. Nf3 e6 3. c4 b6 4. g3 Ba6 5. Nbd2 Bb4 6. Qa4 c5 7. a3 Bxd2+ 8.
Bxd2 O-O 9. Bg2 Bb7 10. dxc5 Ne4 11. Qc2 Nxc5 12. b4 Be4 13. Qb2 Nb7 14. O-O
Nc6 15. Rfd1 Rc8 16. Bc3 f6 17. Qd2 Rc7 18. Bh3 Bg6 19. Rac1 Qe7 20. Bb2 Rd8
21. Bg2 Rdc8 22. Qe3 Bf7 23. Nd2 Nd6 24. c5 bxc5 25. Qxc5 Nf5 26. Ne4 d5 27.
Qxe7 Ncxe7 28. Nc5 Nd6 29. Bh3 Nef5 30. g4 Ne7 31. g5 f5 32. Be5 Rc6 33. a4 Nc4
34. Bd4 a5 35. Nd3 axb4 36. Nxb4 R6c7 37. f4 Be8 38. Ra1 Ra8 39. Rdc1 Rxa4 40.
Rxa4 Bxa4 41. Na6 Rc6 42. Nc5 Nd2 43. Ra1 Nb3 44. Nxb3 Bxb3 45. Ra7 Ng6 46.
Rxg7+ Kf8 47. Rxh7 Nxf4 48. Bf1 Ng6 49. h4 e5 50. Bb2 d4 51. Ba3+ Kg8 52. Rh6
Bd5 53. Kf2 Kg7 54. h5 Nf4 55. Bd6 Kg8 56. Bxe5 Rxh6 57. gxh6 Nxh5 58. Bh3 Be4
59. Bxd4 Kh7 60. Be3 f4 61. Bd2 Kxh6 62. Bg2 Bxg2 63. Kxg2 Kg5 64. Kf3 Kf5 65.
Bc1 Ng3 66. Bxf4 Nxe2 67. Kxe2 Kxf4 1/2-1/2

[Event "Det åpne NM 2011 Gruppe A"]
[Site "Quality Hotel & Resort Fagerne"]
[Date "2011.04.17"]
[Round "2"]
[White "Kasparova, Tatiana"]
[Black "Bosch, Jeroen"]
[Result "0-1"]
[WhiteElo "2152"]
[BlackElo "2424"]
[PlyCount "84"]
[EventDate "2011.??.??"]

1. e4 c5 2. Nf3 e6 3. d4 cxd4 4. Nxd4 Nf6 5. Bd3 a6 6. Qe2 d6 7. c4 g6 8. Nc3
Bg7 9. O-O O-O 10. Nf3 Nc6 11. h3 Qc7 12. Bf4 Ne5 13. Rfd1 Nh5 14. Bh2 Bd7 15.
g4 Nf6 16. Rac1 Rac8 17. b3 Rfd8 18. Bf4 Qa5 19. Bb1 Ne8 20. Bd2 Qa3 21. Bg5 f6
22. Be3 Nxf3+ 23. Qxf3 Qa5 24. Bd4 Bh6 25. Rc2 b5 26. Ne2 bxc4 27. Rxc4 Rxc4
28. bxc4 Qa4 29. Qb3 Rb8 30. Qxa4 Bxa4 31. Rf1 e5 32. Bc3 Nc7 33. Bd3 Ne6 34.
Rb1 Rc8 35. Rb6 Nc5 36. Bb1 Bd1 37. Rb2 Na4 38. Rb4 Nxc3 39. Nxc3 Bd2 40. Nd5
Bxb4 41. Ne7+ Kf7 42. Nxc8 Bc5 0-1

[Event "Det åpne NM 2011 Gruppe A"]
[Site "Quality Hotel & Resort Fagerne"]
[Date "2011.04.17"]
[Round "2"]
[White "Rubio Mejia, Luis Ignacio"]
[Black "Hobber, Anders"]
[Result "1/2-1/2"]
[WhiteElo "2409"]
[BlackElo "2152"]
[PlyCount "48"]
[EventDate "2011.??.??"]

1. d4 Nf6 2. c4 e6 3. Nf3 d5 4. Nc3 Be7 5. Bg5 O-O 6. cxd5 exd5 7. e3 c6 8. Bd3
Re8 9. Qc2 Nbd7 10. O-O Nf8 11. Rae1 g6 12. h3 Ne6 13. Bxf6 Bxf6 14. b4 a6 15.
Na4 Be7 16. Nc5 Bd6 17. Qc3 Ng5 18. Nxg5 Qxg5 19. f4 Qh4 20. Qd2 b6 21. Na4 Bc7
22. a3 Bd7 23. Nc3 Bxh3 24. gxh3 Qg3+ 1/2-1/2

[Event "Det åpne NM 2011 Gruppe A"]
[Site "Quality Hotel & Resort Fagerne"]
[Date "2011.04.17"]
[Round "2"]
[White "Bentsen, Håkon"]
[Black "Westerinen, Heikki M.J"]
[Result "1/2-1/2"]
[WhiteElo "2149"]
[BlackElo "2358"]
[PlyCount "69"]
[EventDate "2011.??.??"]

1. e4 e6 2. d4 d5 3. Nd2 c5 4. exd5 Qxd5 5. Ngf3 cxd4 6. Bc4 Qd6 7. O-O Nf6 8.
Nb3 Nc6 9. Nbxd4 Nxd4 10. Qxd4 Qxd4 11. Nxd4 Bd7 12. Be2 O-O-O 13. Nf3 Bd6 14.
Ng5 Rhf8 15. Bf3 Kc7 16. Ne4 Nxe4 17. Bxe4 f5 18. Bf3 Bc6 19. Bxc6 Kxc6 20. b3
Be5 21. Rb1 Bc3 22. Bb2 Bxb2 23. Rxb2 Rd2 24. Re1 e5 25. Kf1 e4 26. Re2 Rfd8
27. f3 Rd1+ 28. Kf2 R8d2 29. fxe4 fxe4 30. c4 Rxb2 31. Rxb2 Kc5 32. Ke3 Re1+
33. Kd2 Rh1 34. Ke3 Re1+ 35. Kd2 1/2-1/2

[Event "Det åpne NM 2011 Gruppe A"]
[Site "Quality Hotel & Resort Fagerne"]
[Date "2011.04.17"]
[Round "2"]
[White "Gullaksen, Eirik"]
[Black "Hansen, Victor"]
[Result "1-0"]
[WhiteElo "2351"]
[BlackElo "2125"]
[PlyCount "41"]
[EventDate "2011.??.??"]

1. e4 c6 2. d4 d5 3. Nc3 dxe4 4. Nxe4 Bf5 5. Ng3 Bg6 6. Bc4 Nf6 7. N1e2 e6 8.
O-O Bd6 9. f4 Qc7 10. f5 exf5 11. Nxf5 Bxf5 12. Rxf5 Bxh2+ 13. Kh1 Nbd7 14. Qe1
O-O-O 15. g3 Nb6 16. Bd3 Bxg3 17. Qxg3 Qxg3 18. Nxg3 Rxd4 19. Bg5 Nbd5 20. Ne2
Rg4 21. Rxd5 1-0

[Event "Det åpne NM 2011 Gruppe A"]
[Site "Quality Hotel & Resort Fagerne"]
[Date "2011.04.17"]
[Round "2"]
[White "Aulin-Jansson, Jøran"]
[Black "Kjøita, Henning"]
[Result "1-0"]
[WhiteElo "2232"]
[BlackElo "1843"]
[PlyCount "73"]
[EventDate "2011.??.??"]

1. d4 Nf6 2. Nf3 d5 3. c4 e6 4. Nc3 c5 5. cxd5 Nxd5 6. e4 cxd4 7. exd5 dxc3 8.
Bb5+ Bd7 9. dxe6 fxe6 10. Bc4 cxb2 11. Bxb2 Bb4+ 12. Kf1 O-O 13. Qb3 Qe7 14.
Rd1 b5 15. Bd3 Kh8 16. h4 e5 17. Nxe5 Nc6 18. Nxd7 Qxd7 19. Be4 Qe8 20. Bxc6
Qxc6 21. Qxb4 Qc2 22. Qd2 Qc4+ 23. Kg1 Rae8 24. h5 Re2 25. Qd4 Qxd4 26. Bxd4
Kg8 27. Bxa7 Rxa2 28. Rd7 Rf5 29. Rh3 b4 30. Bd4 Rd2 31. Rxg7+ Kf8 32. Rg4 Kf7
33. h6 Ke6 34. Rb3 Rb5 35. Be3 Rd1+ 36. Kh2 Kd5 37. Rbxb4 1-0

[Event "Det åpne NM 2011 Gruppe A"]
[Site "Quality Hotel & Resort Fagerne"]
[Date "2011.04.17"]
[Round "2"]
[White "Salomon, Johan"]
[Black "Bjerke, Richart"]
[Result "1-0"]
[WhiteElo "1889"]
[BlackElo "2189"]
[PlyCount "79"]
[EventDate "2011.??.??"]

1. e4 e5 2. Nf3 Nc6 3. Bb5 a6 4. Ba4 Nf6 5. O-O Be7 6. Re1 b5 7. Bb3 d6 8. c3
O-O 9. h3 Na5 10. Bc2 c5 11. d4 Qc7 12. Nbd2 cxd4 13. cxd4 Nc6 14. Nf1 exd4 15.
Bf4 Qb6 16. Ng3 g6 17. Qd2 Be6 18. Bh6 Rfd8 19. Nf5 Bxf5 20. exf5 d5 21. Rad1
Ne4 22. Bxe4 dxe4 23. Rxe4 d3 24. fxg6 hxg6 25. Qc3 Bf8 26. Bxf8 Rxf8 27. Rh4
f6 28. Qxd3 Ne7 29. Re1 Qc5 30. Nd4 Rfe8 31. Rh6 Qg5 32. Qb3+ Nd5 33. Rxg6+
Qxg6 34. Qxd5+ Kh8 35. Ne6 Rad8 36. Qc6 Rd2 37. Re4 Qh5 38. Rh4 Qxh4 39. Qxe8+
Kh7 40. Qf7+ 1-0

[Event "Det åpne NM 2011 Gruppe A"]
[Site "Quality Hotel & Resort Fagerne"]
[Date "2011.04.17"]
[Round "2"]
[White "Gvein, Kenneth"]
[Black "Hauge, Lars Oskar"]
[Result "1/2-1/2"]
[WhiteElo "2169"]
[BlackElo "1990"]
[PlyCount "120"]
[EventDate "2011.??.??"]

1. c4 e5 2. Nc3 Nc6 3. g3 f5 4. Bg2 Nf6 5. d3 Bb4 6. Bd2 O-O 7. a3 Be7 8. b4
Nd4 9. e3 Ne6 10. Nge2 d6 11. Qb3 c6 12. O-O Qe8 13. d4 e4 14. f4 h5 15. d5 Nc7
16. h4 Qf7 17. dxc6 bxc6 18. Nd4 Bd7 19. Qa2 Ng4 20. b5 c5 21. Nc6 Bf6 22. Rfc1
Be6 23. Bf1 d5 24. cxd5 Nxd5 25. Bc4 Nxf4 26. Bxe6 Nxe6 27. Rab1 Kh8 28. Na4
Qc7 29. Be1 Rae8 30. Qe2 g5 31. Nxc5 Qg7 32. Nxe6 Rxe6 33. Rc5 Qg6 34. Kh1 Rg8
35. Nxa7 gxh4 36. b6 Ree8 37. b7 Be5 38. Bc3 Bxc3 39. Rxc3 Qd6 40. Rg1 Qb6 41.
Qb5 Qxa7 42. Qxf5 Qxb7 43. Qxh5+ Qh7 44. Rc5 Re6 45. Qxh7+ Kxh7 46. gxh4 Rh6
47. h5 Nf6 48. Rxg8 Kxg8 49. Re5 Nxh5 50. Kg2 Nf6 51. Kg3 Kf7 52. a4 Rh1 53. a5
Rf1 54. Kg2 Ra1 55. Kg3 Ra2 56. Kf4 Rf2+ 57. Kg5 Rg2+ 58. Kf5 Rh2 59. Kf4 Re2
60. Rb5 Kg6 1/2-1/2

[Event "Det åpne NM 2011 Gruppe A"]
[Site "Quality Hotel & Resort Fagerne"]
[Date "2011.04.17"]
[Round "2"]
[White "Taksrud, Vidar"]
[Black "Vaarala, Eric"]
[Result "0-1"]
[WhiteElo "2088"]
[BlackElo "2167"]
[PlyCount "128"]
[EventDate "2011.??.??"]

1. d4 d5 2. Nf3 Nf6 3. c4 c6 4. Nc3 e6 5. Bg5 Nbd7 6. e3 Bd6 7. Qc2 O-O 8. cxd5
exd5 9. Bd3 h6 10. Bh4 Qc7 11. Rc1 Re8 12. O-O Qa5 13. a3 a6 14. Rb1 Qd8 15.
Ne2 Nf8 16. Bg3 Ne4 17. Bxd6 Qxd6 18. Bxe4 Rxe4 19. Ng3 Re8 20. Ne5 Nd7 21. f4
Nf6 22. Rbc1 Ng4 23. Rfe1 Qf6 24. h3 Qh4 25. Nf1 Nxe5 26. dxe5 f6 27. g3 Qxh3
28. exf6 Bf5 29. Qg2 Qxg2+ 30. Kxg2 gxf6 31. Kf2 Kf7 32. Nh2 Be4 33. Rg1 a5 34.
g4 Ra6 35. Rgd1 Rb6 36. Rd2 Rb3 37. Rc3 Rxc3 38. bxc3 b5 39. Nf1 Rb8 40. Ng3 c5
41. Nxe4 dxe4 42. f5 Ke7 43. Kg3 b4 44. axb4 cxb4 45. cxb4 axb4 46. Rb2 b3 47.
Kh4 Kd6 48. Kh5 Kc5 49. Kg6 Rb6 50. Kxh6 Kc4 51. g5 fxg5+ 52. Kxg5 Kc3 53. Rb1
Kc2 54. Rh1 b2 55. Kf4 Rb4 56. f6 Rb6 57. Kxe4 Rxf6 58. Rh2+ Kc3 59. Rxb2 Kxb2
60. Kd5 Rf3 61. e4 Rd3+ 62. Kc4 Kc2 63. e5 Kd2 64. e6 Rd6 0-1

[Event "Det åpne NM 2011 Gruppe A"]
[Site "Quality Hotel & Resort Fagerne"]
[Date "2011.04.17"]
[Round "2"]
[White "Tari, Aryan"]
[Black "Christiansen, Johan-Sebastian"]
[Result "1-0"]
[WhiteElo "2155"]
[BlackElo "1924"]
[PlyCount "76"]
[EventDate "2011.??.??"]

1. e4 e6 2. d4 d5 3. Nc3 Nf6 4. e5 Nfd7 5. f4 c5 6. Nf3 Nc6 7. Be3 Qb6 8. Na4
Qa5+ 9. c3 cxd4 10. b4 Nxb4 11. cxb4 Bxb4+ 12. Bd2 Bxd2+ 13. Nxd2 b5 14. Nb2
Nc5 15. Qc2 Ne4 16. a4 Bd7 17. Nd1 Rc8 18. Qb2 bxa4 19. Bd3 Nc5 20. Bc2 Na6 21.
Bb1 Rb8 22. Qxd4 Nb4 23. O-O a3 24. Nb3 Qa6 25. Nc5 Qb6 26. Qf2 Bb5 27. Re1 Rc8
28. Nb3 Qxf2+ 29. Nxf2 Rc3 30. Rxa3 O-O 31. Nd1 Rc7 32. Nd4 Bd7 33. Ne3 Rfc8
34. Kf2 f6 35. exf6 gxf6 36. Ng4 Kf7 37. Rh3 Rh8 38. Rh6 Kg7 1-0

[Event "Det åpne NM 2011 Gruppe A"]
[Site "Quality Hotel & Resort Fagerne"]
[Date "2011.04.17"]
[Round "2"]
[White "Andersen, Per O"]
[Black "Bjornes, Leif"]
[Result "1/2-1/2"]
[WhiteElo "2122"]
[BlackElo "1994"]
[PlyCount "66"]
[EventDate "2011.??.??"]

1. d4 d5 2. Bf4 Nf6 3. Nf3 c6 4. e3 Bg4 5. Be2 Nbd7 6. h3 Bh5 7. O-O Ne4 8.
Nbd2 Nxd2 9. Qxd2 e6 10. Rfc1 Be7 11. c4 O-O 12. cxd5 exd5 13. b4 a6 14. a4 Qb6
15. Rab1 Bg6 16. Rb2 Rfc8 17. Ne1 Nf6 18. f3 Qd8 19. Bd3 Bd6 20. Bxg6 hxg6 21.
Be5 Qe7 22. Nd3 Nd7 23. Bxd6 Qxd6 24. Nc5 Rc7 25. a5 Re8 26. Rb3 Nf6 27. Rd1
Rce7 28. Nd3 Nd7 29. Nc5 Qc7 30. Rc1 Nf6 31. Na4 Qd6 32. Nc5 Qc7 33. Re1 Nd7
1/2-1/2

[Event "Det åpne NM 2011 Gruppe A"]
[Site "Quality Hotel & Resort Fagerne"]
[Date "2011.04.17"]
[Round "2"]
[White "Eriksen, Magnus"]
[Black "Svensen, Tarjei Joten"]
[Result "1-0"]
[WhiteElo "2002"]
[BlackElo "2108"]
[PlyCount "73"]
[EventDate "2011.??.??"]

1. e4 e6 2. d4 d5 3. Nc3 Nf6 4. Bg5 dxe4 5. Nxe4 Be7 6. Bxf6 gxf6 7. Nf3 a6 8.
Qe2 b5 9. O-O-O Bb7 10. Kb1 Bd5 11. g4 c6 12. Rg1 Qa5 13. Nc3 Nd7 14. Nxd5 cxd5
15. g5 O-O-O 16. gxf6 Bxf6 17. Rg3 Kb7 18. Nd2 Rc8 19. Nb3 Qb6 20. Rf3 Rhf8 21.
Nc5+ Nxc5 22. dxc5 Qd8 23. b4 Rc6 24. Rdd3 Bg7 25. a4 bxa4 26. Ra3 Qh4 27. Rxa4
Qd4 28. Rb3 Kc7 29. c3 Qe5 30. Qxe5+ Bxe5 31. Rxa6 Rxa6 32. Bxa6 d4 33. c4 Bxh2
34. Kc2 f5 35. Rh3 Bg1 36. Rxh7+ Kb8 37. c6 1-0

[Event "Det åpne NM 2011 Gruppe A"]
[Site "Quality Hotel & Resort Fagerne"]
[Date "2011.04.17"]
[Round "2"]
[White "Svanholm, Børge W"]
[Black "Pham, Toan Thanh"]
[Result "0-1"]
[WhiteElo "1993"]
[BlackElo "2086"]
[PlyCount "132"]
[EventDate "2011.??.??"]

1. c4 e5 2. Nc3 Nc6 3. Nf3 Nf6 4. g3 Bc5 5. d3 h6 6. Bg2 d6 7. O-O a6 8. a3 O-O
9. b4 Ba7 10. Bb2 Rb8 11. Rc1 Re8 12. Qc2 Bg4 13. e3 Ne7 14. h3 Bd7 15. d4 exd4
16. exd4 Bf5 17. Qd2 b5 18. cxb5 axb5 19. Rfe1 Qd7 20. Kh2 c6 21. Nh4 Be6 22.
Ne4 Nxe4 23. Bxe4 Nd5 24. Bg2 Rbc8 25. Re2 Nf6 26. f4 Bd5 27. Rce1 Rxe2 28.
Rxe2 Re8 29. Nf3 Ne4 30. Qe1 Nf6 31. Nd2 Bxg2 32. Rxe8+ Qxe8 33. Qxe8+ Nxe8 34.
Kxg2 f5 35. Kf3 Kf7 36. Ke2 Nf6 37. Kd3 Ke6 38. Nf1 g6 39. Bc1 Ne4 40. Be3 Bb8
41. h4 Bc7 42. Ke2 Bd8 43. Kd3 Be7 44. Kc2 Kd5 45. Kd3 c5 46. dxc5 dxc5 47.
bxc5 Nxc5+ 48. Kc3 Ke4 49. Kb4 Nd3+ 50. Kxb5 Bxa3 51. Kc6 Kf3 52. Kd5 Ke2 53.
Ke6 Kxf1 54. h5 gxh5 55. Kxf5 Ke2 56. Bd4 Kf3 57. Kg6 Kg4 58. f5 Bd6 59. f6
Bxg3 60. f7 Bd6 61. Kxh6 h4 62. Kg7 h3 63. Bg1 Ne5 64. f8=Q Bxf8+ 65. Kxf8 Nf3
66. Kf7 Nxg1 0-1

[Event "Det åpne NM 2011 Gruppe A"]
[Site "Quality Hotel & Resort Fagerne"]
[Date "2011.04.17"]
[Round "2"]
[White "Webb, Matthew D"]
[Black "Lindblom, Roar"]
[Result "1-0"]
[WhiteElo "2062"]
[BlackElo "1974"]
[PlyCount "77"]
[EventDate "2011.??.??"]

1. e4 e5 2. d4 exd4 3. Qxd4 Nc6 4. Qe3 g6 5. Nc3 Bg7 6. Bd2 d6 7. O-O-O Nf6 8.
f4 O-O 9. Nf3 Re8 10. Bc4 Na5 11. Bxf7+ Kxf7 12. Ng5+ Kg8 13. Nb5 Nxe4 14. Nxe4
d5 15. Bxa5 b6 16. Bc3 Ba6 17. Bxg7 Bxb5 18. Nf6+ Kxg7 19. Nxe8+ Qxe8 20. Qc3+
Kg8 21. Rxd5 c5 22. Qe5 Bc6 23. Qxe8+ Rxe8 24. Rd2 Kf7 25. Rf1 Bb5 26. Rff2
Re1+ 27. Rd1 Rxd1+ 28. Kxd1 Ke6 29. g4 Bd7 30. Ke2 Kf6 31. Kf3 Bc6+ 32. Kg3 Bd7
33. Rd2 Ke7 34. Kh4 h6 35. Rxd7+ Kxd7 36. c4 Ke6 37. Kg3 Kf6 38. Kf3 Ke6 39.
Ke4 1-0

[Event "Det åpne NM 2011 Gruppe A"]
[Site "Quality Hotel & Resort Fagerne"]
[Date "2011.04.17"]
[Round "2"]
[White "Mikalsen, Erlend"]
[Black "Gyldenås, Ole Jørn"]
[Result "1-0"]
[WhiteElo "1981"]
[BlackElo "2053"]
[PlyCount "59"]
[EventDate "2011.??.??"]

1. e4 c5 2. Nf3 Nc6 3. d4 cxd4 4. Nxd4 Nf6 5. Nc3 e5 6. Ndb5 d6 7. Bg5 Be7 8.
Bxf6 gxf6 9. Nd5 O-O 10. Nxe7+ Qxe7 11. Qxd6 Rd8 12. Qxe7 Nxe7 13. Bd3 f5 14.
O-O-O a6 15. Nc3 Be6 16. exf5 Bxf5 17. Be4 Bxe4 18. Nxe4 f5 19. Nc5 Kf7 20.
Nxb7 Rg8 21. g3 h5 22. Rd7 h4 23. Rhd1 hxg3 24. hxg3 Rh8 25. Nd8+ Ke8 26. Ne6
Kf7 27. R1d6 Rh2 28. Nc7 Rah8 29. Re6 Rxf2 30. Rdxe7+ 1-0

[Event "Det åpne NM 2011 Gruppe A"]
[Site "Quality Hotel & Resort Fagerne"]
[Date "2011.04.17"]
[Round "2"]
[White "Hoem, Tor Wetle"]
[Black "Torgersen, Terje"]
[Result "1/2-1/2"]
[WhiteElo "1967"]
[BlackElo "2041"]
[PlyCount "45"]
[EventDate "2011.??.??"]

1. d4 Nf6 2. c4 c5 3. d5 e6 4. Nc3 exd5 5. cxd5 d6 6. e4 g6 7. Nf3 Bg7 8. Bd3
O-O 9. Nd2 Na6 10. O-O Nc7 11. a4 a6 12. a5 Rb8 13. Nc4 b5 14. axb6 Na8 15. Bf4
Ne8 16. Qd2 Nxb6 17. Na5 Qc7 18. Nc6 Ra8 19. Rfe1 Bd7 20. Rxa6 Bxc6 21. dxc6
Rxa6 22. Bxa6 Qxc6 23. Bb5 1/2-1/2

[Event "Det åpne NM 2011 Gruppe A"]
[Site "Quality Hotel & Resort Fagerne"]
[Date "2011.04.17"]
[Round "2"]
[White "Henrichsen, Erland"]
[Black "Mihajlov, Sebastian"]
[Result "1/2-1/2"]
[WhiteElo "2038"]
[BlackElo "1871"]
[PlyCount "48"]
[EventDate "2011.??.??"]

1. d4 d5 2. Nf3 Nf6 3. e3 Bf5 4. c4 c6 5. Nc3 e6 6. Qb3 Qc7 7. Bd2 dxc4 8. Bxc4
b5 9. Be2 Nbd7 10. a3 Bd6 11. Rc1 O-O 12. O-O a6 13. h3 Rac8 14. Nh4 Bg6 15.
Nxg6 hxg6 16. Bf3 e5 17. Ne4 Nxe4 18. Bxe4 c5 19. dxc5 Nxc5 20. Qd5 Qe7 21.
Bxg6 Rfd8 22. Qa2 e4 23. b4 Nd7 24. Rxc8 Rxc8 1/2-1/2

[Event "Det åpne NM 2011 Gruppe A"]
[Site "Quality Hotel & Resort Fagerne"]
[Date "2011.04.17"]
[Round "2"]
[White "Arndt, Uwe"]
[Black "Barane, Simon"]
[Result "1-0"]
[WhiteElo "2021"]
[BlackElo "1823"]
[PlyCount "71"]
[EventDate "2011.??.??"]

1. d4 Nf6 2. c4 e5 3. dxe5 Ng4 4. Bf4 g5 5. Bg3 Nc6 6. Nf3 Bg7 7. Nc3 Ngxe5 8.
Nxe5 Nxe5 9. e3 d6 10. Qc2 Be6 11. Be2 Qe7 12. b3 Nc6 13. Rc1 O-O-O 14. O-O h5
15. h3 Be5 16. Nd5 Qf8 17. Bxe5 Nxe5 18. f4 gxf4 19. exf4 Nc6 20. f5 Nd4 21.
fxe6 Nxc2 22. e7 Nd4 23. exf8=Q Nxe2+ 24. Kf2 Nxc1 25. Qe7 Nd3+ 26. Kg1 Rd7 27.
Qe3 Nc5 28. b4 Na6 29. Qxa7 Rh6 30. Nf6 Rd8 31. Qe3 Rg6 32. a3 Nb8 33. Nxh5
Rdg8 34. Nf4 Rg3 35. Rf3 R3g5 36. Qe7 1-0

[Event "Det åpne NM 2011 Gruppe A"]
[Site "Quality Hotel & Resort Fagerne"]
[Date "2011.04.17"]
[Round "2"]
[White "Wibe, Per H"]
[Black "Grundekjøn, Christian"]
[Result "1-0"]
[WhiteElo "1824"]
[BlackElo "2018"]
[PlyCount "97"]
[EventDate "2011.??.??"]

1. e4 c6 2. d4 d5 3. exd5 Nf6 4. dxc6 Nxc6 5. c3 e5 6. Bb5 Qb6 7. Qe2 Be7 8.
dxe5 Nd5 9. Nf3 O-O 10. Bxc6 bxc6 11. O-O Ba6 12. c4 Rad8 13. b3 Rfe8 14. Qe4
Nb4 15. Ng5 Bxg5 16. Bxg5 Rd4 17. Qe2 Qc5 18. Nd2 Rxe5 19. Be3 Nc2 20. Nf3 Nxa1
21. Nxd4 Qxd4 22. Rd1 Qh4 23. Rxa1 Qe7 24. Rd1 h6 25. Qd3 f5 26. Qd8+ Qxd8 27.
Rxd8+ Kf7 28. Rd7+ Ke6 29. Rxa7 Bxc4 30. bxc4 f4 31. Ra3 Kf7 32. Bd2 Re4 33.
Kf1 Rxc4 34. Rc3 Ra4 35. Rxc6 Rxa2 36. Ke2 f3+ 37. gxf3 Ra4 38. Rc7+ Kg8 39.
Bc3 g5 40. Rg7+ Kf8 41. Be5 Rh4 42. Ke3 Rxh2 43. Rxg5 Rh1 44. Rg2 Kf7 45. Rh2
Re1+ 46. Kf4 Kg6 47. Rg2+ Kh5 48. Kf5 Rh1 49. Rh2+ 1-0